[Event "GER-ch Net qual1 U18"]
[Site "Playchess.com INT"]
[Date "2009.05.10"]
[Round "3"]
[White "Brunold, Robert"]
[Black "Schulz, Anja2222"]
[Result "1-0"]
[WhiteElo "1484"]
[BlackElo "1995"]
[PlyCount "97"]
[EventDate "2009.05.10"]
[EventType "swiss (blitz)"]
[EventRounds "7"]
[EventCountry "GER"]
[SourceTitle "CBM 130 Extra"]
[Source "ChessBase"]
[SourceDate "2009.07.02"]
[SourceVersion "2"]
[SourceVersionDate "2009.07.15"]
[SourceQuality "1"]

1. d4 Nf6 2. f3 d5 3. e4 dxe4 4. Nc3 e5 5. dxe5 Qxd1+ 6. Kxd1 Nfd7 7. Nd5 Kd8 8. Bg5+ f6 9. exf6 gxf6 10. Nxf6 Be7 11. Nxe4 Nc6 12. c3 Nde5 13. Bxe7+ Kxe7 14. Bb5 a6 15. Bxc6 Nxc6 16. Ne2 Rg8 17. N2g3 Be6 18. Re1 Kf7 19. Kc2 b5 20. Rad1 b4 21. Nc5 Bxa2 22. b3 bxc3 23. Ra1 Nb4+ 24. Kxc3 a5 25. Rad1 Rad8 26. Nd7 c6 27. Ne5+ Kf6 28. Nh5+ Kg5 29. Nf7+ Kxh5 30. Nxd8 Nd5+ 31. Kb2 Rxd8 32. Kxa2 Nc3+ 33. Ka3 Rxd1 34. Rxd1 Nxd1 35. Ka4 Kg5 36. Kxa5 Kf4 37. Kb6 Nc3 38. Kxc6 Ke3 39. b4 Kf2 40. b5 Kxg2 41. f4 Kf3 42. f5 Ne4 43. f6 Nxf6 44. b6 Ne4 45. b7 Kg2 46. b8Q h5 47. Qf4 Nf2 48. Qg3+ Kf1 49. Kc5 1-0

[Event "GER-ch Net qual1 U18"]
[Site "Playchess.com INT"]
[Date "2009.05.10"]
[Round "1"]
[White "Laubert, Johannes"]
[Black "Brunold, Robert"]
[Result "0-1"]
[WhiteElo "2039"]
[BlackElo "1484"]
[PlyCount "26"]
[EventDate "2009.05.10"]
[EventType "swiss (blitz)"]
[EventRounds "7"]
[EventCountry "GER"]
[SourceTitle "CBM 130 Extra"]
[Source "ChessBase"]
[SourceDate "2009.07.02"]
[SourceVersion "2"]
[SourceVersionDate "2009.07.15"]
[SourceQuality "1"]

1. e4 e5 2. Nf3 Nc6 3. Bc4 Nf6 4. Ng5 Bc5 5. Bxf7+ Ke7 6. Bb3 d6 7. Nf7 Qf8 8. Nxh8 Bxf2+ 9. Kxf2 Nxe4+ 10. Ke2 Qf2+ 11. Kd3 Nc5+ 12. Kc4 Qd4+ 13. Kb5 a6# 0-1